[Event "RUS-ch Higher League (Women) 71st"]
[Site "Cheboksary"]
[Date "2021.07.03"]
[Round "7"]
[White "Asatryan, Maria"]
[Black "Kuznetsova, Marina"]
[Result "0-1"]
[WhiteElo "1621"]
[BlackElo "1964"]
[PlyCount "66"]
[EventDate "2021.06.26"]
[EventType "swiss"]
[EventRounds "9"]
[EventCountry "RUS"]
[SourceTitle "CBM 203 Extra"]
[Source "ChessBase"]
[SourceDate "2021.09.30"]
[SourceVersion "1"]
[SourceVersionDate "2021.09.30"]
[SourceQuality "1"]

1. d4 Nf6 2. Nf3 e6 3. c4 d5 4. g3 Be7 5. Bg2 0-0 6. 0-0 dxc4 7. Qa4 a6 8. Qxc4 b5 9. Qc2 Bb7 10. Nbd2 Nbd7 11. b3 c5 12. Bb2 Rc8 13. dxc5 Nxc5 14. Rad1 Nce4 15. Qb1 Qb6 16. Bd4 Bc5 17. Nxe4 Bxe4 18. Qa1 Bxd4 19. Qxd4 Qa5 20. Qd2 b4 21. Rc1 Rc3 22. Rfd1 h6 23. Nd4 Rfc8 24. Ra1 e5 25. Nf3 Rc2 26. Qd6 Rxe2 27. a3 bxa3 28. Rxa3 Qc3 29. Qxa6 Rxf2 30. b4 Rxg2+ 31. Kxg2 Bxf3+ 32. Kf1 Qc2 33. Rda1 Ng4 0-1

[Event "Moscow op (Women) 16th"]
[Site "Moscow"]
[Date "2020.01.27"]
[Round "3"]
[White "Asatryan, Maria"]
[Black "Mkrtchyan, Anahit D"]
[Result "0-1"]
[WhiteElo "1577"]
[BlackElo "1864"]
[PlyCount "82"]
[EventDate "2020.01.25"]
[EventType "swiss"]
[EventRounds "9"]
[EventCountry "RUS"]
[SourceTitle "CBM 194 Extra"]
[Source "ChessBase"]
[SourceDate "2020.03.31"]
[SourceVersion "1"]
[SourceVersionDate "2020.03.31"]
[SourceQuality "1"]

1. d4 d5 2. Nf3 Nf6 3. c4 c6 4. g3 Bf5 5. Bg2 e6 6. Nc3 Be7 7. 0-0 0-0 8. Nh4 Bg6 9. Nxg6 hxg6 10. e4 dxc4 11. d5 e5 12. Qe2 cxd5 13. exd5 Bd6 14. Qxc4 Nbd7 15. Bg5 Rc8 16. Qh4 Qb6 17. Rab1 Qa6 18. Kh1 b5 19. a3 Rc4 20. f4 exf4 21. Bxf4 Nh5 22. Qh3 Nxf4 23. Qxd7 Nxg2 24. Kxg2 b4 25. Nb5 Rc2+ 26. Kh1 Bc5 27. axb4 Bxb4 28. Ra1 Qb6 29. Rxa7 Rf2 30. Rfa1 Qf6 31. Qg4 Rf1+ 32. Kg2 Rxa1 33. Rxa1 Qxb2+ 34. Kh3 Qxa1 35. Qxb4 Qf1+ 36. Kh4 Rb8 37. Qe4 Qxb5 38. g4 Rd8 39. d6 Qd7 40. h3 Qxd6 41. Qf4 Qf6+ 0-1